000 00385nam a2200133Ia 4500
008 100328s9999 xx 000 0 und d
082 _b68177
100 _aकुंटे जगन्नाथ.
245 _aसाधनामस्त.
260 _bप्राजक्त.
630 _aसाधनामस्त.
730 _aसाधनामस्त.
942 _cBOOK
999 _c553916
_d553913